000 00238 a2200109 4500
001 90243
082 _a891.439308 MAN
090 _c42564
_d42564
100 _aMansoor Ahmed
245 _aMank devi
260 _aLahore
_bSafina
_c1999
942 _aNUST-CAE
_k891.439308 MAN
999 _c325316
_d325316